| 000 | 01060nam a2200313Ia 4500 | ||
|---|---|---|---|
| 001 | Z_5397 | ||
| 003 | CHAP | ||
| 008 | 220113s2006 xx 000 0 und d | ||
| 010 | _a168467 | ||
| 040 | _cCHAP | ||
| 090 | _aTesis M 1928 | ||
| 100 |
_aMárquez Hernández, Christofer Israel _976315 |
||
| 245 |
_aEfecto del implante zeranol y enzimas fibrolíticas exogenas en el comportamiento productivo y características de la canal de ganado cebuino / _cChistofer Israel Márquez Hernández y Araely Monsalvo García |
||
| 260 |
_aChapingo, Méx. : _bEl autor, _c2006 |
||
| 300 | _a102 h. | ||
| 502 | _aTesis (Ing. Agrónomo Esp. en Zootecnia) -- UACH. Departamento de Zootecnia | ||
| 650 |
_aEnzimas _937195 |
||
| 650 |
_aGanado cebú _xEngorda _945057 |
||
| 650 |
_aGanado de carne _xCrecimiento _945078 |
||
| 650 |
_aMinerales en nutrición animal _975937 |
||
| 650 |
_aZeranol _9123955 |
||
| 700 |
_aMonsalvo García, Araely _977681 |
||
| 901 | _aTESIS M 1928 | ||
| 902 | _aM | ||
| 910 | _a2006 | ||
| 942 | _c2 | ||
| 942 | _c2 | ||
| 999 |
_c168467 _d168467 |
||